01859cam a2200421 i 4500001001000000003000900010005001700019008004100036020001500077020001800092035001900110035002300129040004300152043002100195082002700216100004300243245005100286264004900337264001000386300007100396336002600467337002800493338002700521490003600548490006200584504004100646505012800687520020500815610006101020610005901081650003301140651004101173653002001214655001701234942001201251999001701263952015701280AHR9815BBEG-ScBUE20240331130848.0970220t1993 it a f bc 000 0 eng d a8870628051 a9788870628050 a(InU)AHR9815BB a(OCoLC)ocm29767872 aDDObengerdacDDOdUMCdC3LdEG-ScBUE af-ua---ae-hu---04a932.023074439bTOR2221 aTörök, László,d1941-eauthor.10aCoptic antiquities /cby László Török. 1a[Roma] :b"L'Erma" di Bretschneider,c[1993] 4cc1993 a1 volume (various pagings) :billustrations (some color) ;c29 cm. 2rdacontentatextbtxt aunmediated2rdamediabn avolumebnc2rdacarrier0 aBibliotheca archaeologica ;v110 aMonumenta antiquitatis extra fines Hungariae reperta ;v2 aIncludes bibliographical references.2 aI. Stone sculpture, bronze objects, ceramic coffin lids and vessels, terracotta statuettes, bone, wood and glass artefacts. a"In this second volume of the Coptic Antiquities 217 textiles are published from the collections of two Budapest museums: the Museum of Fine Arts and the Museum of Applied Arts"--Introduction to v. 2.27aSzépmʺuvészeti Múzeum (Hungary)xCatalogs.2BUEsh27aIparmʺuvészeti Múzeum (Hungary)xCatalogs.2BUEsh 7aCoptic artxCatalogs.2BUEsh 7aEgyptxAntiquitiesxCatalogs.2BUEsh bENGGENcMay2019 vReading book 2ddccBB c27488d27459 00102ddc40708BaccahaMAINbMAINc2NDd2019-05-28ePurchaseg3720.00h32510l0o932.023074439 TORp000047872r2025-07-15 00:00:00v4650.00yREFERENCE